Proyecto de implantación de una planta eleboradora de envases de plástico /

Furkejuvvon:
Bibliográfalaš dieđut
Váldodahkki: Hernández Herrera, Gerardo (autor)
Eará dahkkit: González García, Gilberto (autor) (autor)
Materiálatiipa: Oahppočájánas Girji
Giella:espánnjágiella
Almmustuhtton: Guadalajara, México : edición de autor, 1993
Fáttát:
Fáddágilkorat: Lasit fáddágilkoriid
Eai fáddágilkorat, Lasit vuosttaš fáddágilkora!

MARC

LEADER 00000nam^a2200000^a^4500
001 000045050
005 20250521000000.0
009 20260310085915.745
037 |a Acervo ITESO - Biblioteca 
041 |a ESP 
090 |a IIN. 168 
100 |a Hernández Herrera, Gerardo  |e (autor) 
245 1 0 |a Proyecto de implantación de una planta eleboradora de envases de plástico /  |c G. Hernández Herrera, G. Gonzalez Garcia. 
264 1 |a Guadalajara, México :  |b edición de autor,  |c 1993 
300 |a 253 p. 
336 |a texto  |b txt  |2 rdacontenido 
337 |a sin mediación  |b n  |2 rdamedio 
338 |a volumen  |b nc  |2 rdasoporte 
502 |a ITESO Tesis de Licenciatura en Ingeniería Industrial 
649 |a XX 
650 |a Ingeniería Industrial 
650 |a Control de Calidad 
650 |a Ciencias Administrativas 
650 |a Envases -  |x Industria y Comercio 
700 |a González García, Gilberto  |e (autor) 
910 |a Fondo General 
920 |a Impresos - Tesis del ITESO 
930 |a Colección General 
905 |a 104 
901 |a T018090100  |b IT2  |c TSS  |i 801809  |u 20250521 
902 |a https://opac.biblio.iteso.mx/vufind/Record/000045050